Nueva fase migratoria /

Збережено в:
Бібліографічні деталі
Автор: Durand, Jorge
Формат: Текст
Теги: Додати тег
Немає тегів, Будьте першим, хто поставить тег для цього запису!

MARC

LEADER 00000 a a2200000 04500
001 46253
003
040
100 |a Durand, Jorge  
245 |a Nueva fase migratoria /  |c Jorge Durand  
590 |a DISEMINAR052014  
773 |g volumen19, número77 ( , 2013), páginas 83-113 : tablas, gráficos  
999 |c 27719  |d 27719